| 000 | 00555nam a2200205Ia 4500 | ||
|---|---|---|---|
| 003 | OSt | ||
| 005 | 20220926041213.0 | ||
| 006 | a|||||r|||| 00| 0 | ||
| 007 | ta | ||
| 008 | 220923b |||||||| |||| 00| 0 eng d | ||
| 037 | _cGeneral Book | ||
| 040 |
_aRTL _cRTL _beng |
||
| 041 |
_2eng _aeng |
||
| 082 | _aY:1.74, K2 | ||
| 100 |
_aRamos Samuel _9344632 |
||
| 245 | 0 | _aProfile of man and culture in Mexico tr by Peter G | |
| 490 | _aTexas Pan-American Series | ||
| 942 |
_hY:1.74, K2 _cGB _2CC |
||
| 999 |
_c666600 _d666600 |
||